| 000 | 01062nam0a22002771 4500 | ||
|---|---|---|---|
| 001 | rc\3383655 | ||
| 005 | 20250609185911.0 | ||
| 021 |
_aRU _b71-32680 |
||
| 021 |
_aRU _bРг101123-71 |
||
| 035 | _a(NLR Aleph) 007453779 | ||
| 090 |
_a7243901 _c7243901 |
||
| 100 | _a20130115d1971 |||y0rusy50 ca | ||
| 101 | 0 | _arus | |
| 102 | _aRU | ||
| 105 | _aa z ||||| | ||
| 200 | 1 |
_aОсновы расчета подъемно-перегрузочного оборудования _eУчеб. пособие _fСарат. высш. командно-инж. краснознам. ордена Красной Звезды училище им. Героя Сов. Союза ген.-майора А.И. Лизюкова |
|
| 210 |
_aСаратов _cБ. и. _d1971 |
||
| 215 |
_a51 с. _cил. _d20 |
||
| 320 | _aБиблиогр.: с. 50 | ||
| 700 | 1 |
_aАкуленко _bБ.Н. |
|
| 701 | 1 |
_aОргиевский _bМ.Р. _gМоисей Рувинович |
|
| 801 | 0 |
_aRU _bNLR _gpsbo |
|
| 801 | 1 |
_aRU _bELAR _2rusmarc |
|
| 852 |
_aNLR _j71-4/19299 |
||
| 942 | _cBOOK | ||
| 980 | _aNB | ||